000 00709nam a2200289Ia 4500
005 20260324134916.0
008 008 260324s9999 xx 000 0 eng d
020 _a9781315240688
037 _aEBOOK
040 _aCRL
040 _beng
040 _cCRL
041 _2eng
041 _aeng
084 _qCRL
100 _aHelen J. Nicholson
_91145510
245 4 _aThe Chronicle of the Third Crusade
245 4 _bThe Itinerarium Peregrinorum et Gesta Regis Ricardi
260 _bTaylor and Francis
260 _c2001
365 _a
365 _b300
856 _uhttp://www.taylorfrancis.com/books/9781315240688
942 _cEBOOK
999 _c1799167
_d1799167